<?xml version="1.0" encoding="UTF-8"?>
<record
    xmlns:xsi="http://www.w3.org/2001/XMLSchema-instance"
    xsi:schemaLocation="http://www.loc.gov/MARC21/slim http://www.loc.gov/standards/marcxml/schema/MARC21slim.xsd"
    xmlns="http://www.loc.gov/MARC21/slim">

  <leader>01694    a2200217   4500</leader>
  <controlfield tag="001">31485</controlfield>
  <controlfield tag="005">20260407155619.0</controlfield>
  <controlfield tag="008">260407a1998    arg                 spa d</controlfield>
  <controlfield tag="003">AR-UNSa-BCEJYS</controlfield>
  <datafield tag="040" ind1=" " ind2=" ">
    <subfield code="a">AR-UNSa-BCEJYS</subfield>
    <subfield code="b">spa</subfield>
    <subfield code="c">AR-UNSa-BCEJYS</subfield>
  </datafield>
  <datafield tag="080" ind1=" " ind2=" ">
    <subfield code="a">657-051</subfield>
    <subfield code="x">Profesional en Ciencias Econ&#xF3;micas (Contador...)</subfield>
  </datafield>
  <datafield tag="245" ind1="1" ind2="0">
    <subfield code="a">Actuaci&#xF3;n Profesional Judicial</subfield>
  </datafield>
  <datafield tag="020" ind1=" " ind2=" ">
    <subfield code="a">950-537-434-8</subfield>
  </datafield>
  <datafield tag="264" ind1=" " ind2="1">
    <subfield code="a">Buenos Aires :</subfield>
    <subfield code="b">Ediciones Macchi</subfield>
    <subfield code="c">1998</subfield>
  </datafield>
  <datafield tag="300" ind1=" " ind2=" ">
    <subfield code="a">737 p.</subfield>
    <subfield code="c">23 cm.</subfield>
  </datafield>
  <datafield tag="505" ind1=" " ind2=" ">
    <subfield code="a">Parte I: 1. Evoluci&#xF3;n y caracteristicas de las profesiones en ciencias econ&#xF3;micas - 2. Organizaci&#xF3;n judicial - 3. Nociones de derecho procesal - 4. La actuaci&#xF3;n como perito contador en las controversias laborales en el ambito nacional y de la provincia de buenos aires - 5. Pericias en el fuero penal - 6. Juicio oral: Peritos - Parte II: 7. El contador p&#xFA;blico - Parte III: 8. Aspectos contables fundamentales relacionados con la actuaci&#xF3;n del contador p&#xFA;blico en el ambito judical - Parte IV: 9. Otros desempe&#xF1;o profesionales del contador p&#xFA;blico y del licenciado en administraci&#xF3;n en el ambito judicial, en medidas de caracter cautelar(administrador, interventor, liquidador y veedor) - 10. Otros desempe&#xF1;os tradicionales del contador p&#xFA;blico - 11. El contador p&#xFA;blico en su rol como consultor t&#xE9;cnico en el ambito forense - 12. El perito arbitro dentro del juicio de arbitros y amigables componedores - 13. La labor profesional del contador p&#xFA;blico en las nuevas alternativas de resoluci&#xF3;n de conflictos: medici&#xF3;n, conciliaci&#xF3;n y arbitraje.</subfield>
  </datafield>
  <datafield tag="942" ind1=" " ind2=" ">
    <subfield code="c">BK</subfield>
  </datafield>
  <datafield tag="590" ind1=" " ind2=" ">
    <subfield code="a">niveau_biblio:m niveau_hierar:0</subfield>
  </datafield>
  <datafield tag="100" ind1="1" ind2=" ">
    <subfield code="a">Viegas, Juan Carlos</subfield>
  </datafield>
  <datafield tag="700" ind1="1" ind2=" ">
    <subfield code="a">Fronti de Garc&#xED;a, Luisa</subfield>
  </datafield>
  <datafield tag="999" ind1=" " ind2=" ">
    <subfield code="c">2184</subfield>
    <subfield code="d">2184</subfield>
  </datafield>
  <datafield tag="952" ind1=" " ind2=" ">
    <subfield code="0">0</subfield>
    <subfield code="1">0</subfield>
    <subfield code="4">0</subfield>
    <subfield code="7">0</subfield>
    <subfield code="a">BCEJYS</subfield>
    <subfield code="b">BCEJYS</subfield>
    <subfield code="c">16</subfield>
    <subfield code="d">2026-04-07</subfield>
    <subfield code="l">0</subfield>
    <subfield code="o">657-051 F935</subfield>
    <subfield code="p">L85584</subfield>
    <subfield code="r">2026-04-07 15:56:19</subfield>
    <subfield code="w">2026-04-07</subfield>
    <subfield code="y">L</subfield>
  </datafield>
</record>
